000 00480nam a2200121Ia 4500
008 160712s9999 xx 000 0 und d
100 _aMoratilla, Noel Christian A.
245 _cNoel Christian A. Moratilla
_aSpeaking of the Subaltern: Subjectives and Resistance in the Testimonial Narratives of Workers
260 _c2011
_bDiliman Review
300 _avol. 58 no. 1-4
650 _xSUBALTERN
856 _uhttp://journals.upd.edu.ph/index.php/dilimanreview/issue/view/513/showToc
999 _c297665
_d297665